| 000 | 00652nam a2200217Ii 4500 | ||
|---|---|---|---|
| 003 | JO-AjNU | ||
| 008 | 230605s9999||||xx |||||||||||||| ||und|| | ||
| 017 | _a1989/9/590 | ||
| 040 |
_aJO-AjNU _bara _erda _cJO-AjNU |
||
| 041 | _aara | ||
| 050 | 1 | 4 | _aJQ 1825.J6.Z8236.1998 |
| 100 | 3 |
_aالزعبي ، خالد , _eauthor _911378 |
|
| 245 | 0 | 0 | _aالقانون الاداري |
| 250 | _aط3 | ||
| 264 | 3 | 1 | _aعمان : دار الثقافة ، 1998 |
| 300 | _a308ص | ||
| 336 |
_atext _btxt _2rdacontent |
||
| 337 |
_aunmediated _bn _2rdamedia |
||
| 338 |
_avolume _bnc _2rdacarrier |
||
| 650 | 4 |
_aالقانون الاداري -- الاردن _911379 |
|
| 999 |
_aA2294 _c5862 _d5862 |
||